| 000 | 00348nam a22001457a 4500 | ||
|---|---|---|---|
| 008 | 230516b ||||| |||| 00| 0 eng d | ||
| 020 | _a070200584 | ||
| 041 | _aeng | ||
| 080 |
_2FIFTH EDITION _a615 |
||
| 082 | _a615GOO | ||
| 100 | _a13 | ||
| 101 | _aFARMA | ||
| 245 |
_aTHE PHARMACOLOGICAL BASIS OF THERAPEUTICS _cGOODMAN.S.L |
||
| 942 |
_2udc _cBK |
||
| 999 |
_c59736 _d59736 |
||